000
00345nam a2200157Ia 4500
100
_a
Connor/F.R
650
_a
Electrical Engineering
942
_c
RB
654
_a
Electronic Device
245
_a
Electronic Device
260
_b
Edward Arnold .
_a
London
_c
1980
082
_a
621.3
_b
Con
300
_a
121
546
_a
ENGLISH
999
_c
18373
_d
18373